000
00315 a2200109 4500
001
ART_6484
005
20260410161826.0
008
260409a
245
1
0
_a
Determinación de los niveles de inventario
100
1
_a
Carro, Roberto
773
0
_t
FACES
_g
- Año 8, Nº 15 (sep./dic. 2002)
_w
REV5046
999
_c
22765
_d
22765